000 00634nam a22002297a 4500
003 UA-OsUOA
001 99766
007 ta
008 20130515b un ||||| |||| 00| 0 ukr d
100 _aСтреляный А.
090 _a821.161.1
_bС84
942 _cBK
040 _aUA-OsUOA
_brus
_cUA-OsUOA
_dUA-OsUOA
245 _aСенная лихорадка
_bповести. рассказы, очерки
300 _a478 с.
955 _a3
041 _arus
080 _a821.161.1
260 _aМ.
_bПравда
_c1989
650 7 _a82 Література. Літературознавство
_2UDC
999 _c385951
_d385951